| 000 | 01577nam0a2200385 4500 | ||
|---|---|---|---|
| 001 | RU\NLR\bibl\312443 | ||
| 005 | 20260407064214.0 | ||
| 010 |
_a5-8166-0068-0 _9200 |
||
| 021 |
_aRU _b2002-27181 _91348 |
||
| 035 | _a(NLR Aleph) 000307558 | ||
| 090 |
_a23054 _c23054 |
||
| 100 | _a20020923d2002 |||y0rusy50 ca | ||
| 101 | 0 | _arus | |
| 102 | _aRU | ||
| 105 | _aa ||||||||| | ||
| 200 | 1 |
_aГуманитарные и социально-экономические проблемы развития регионов _eМатериалы межвуз. науч. конф. _f[Редкол.: Мартыненко О. П. и др.] |
|
| 210 |
_aБратск _cБрГТУ _d2002 |
||
| 215 |
_a88 с. _cил. _d21 |
||
| 300 | _aВ надзаг.: М-во образования Рос. Федерации, Брат. гос. техн. ун-т | ||
| 606 | 0 |
_aОбщественные науки _jСъезды, совещания и т.п. _yРоссийская Федерация _91904459 _3RU\NLR\auth\661156996 |
|
| 610 | 0 | _aЭкономика | |
| 610 | 0 | _aСоциальное развитие | |
| 675 |
_a3(082) _v3 _zrus |
||
| 686 |
_a00 _2rugasnti |
||
| 686 |
_a60 _2rubbk |
||
| 686 | _aС.я431 | ||
| 702 | 1 |
_aМартыненко _bО. П. _4340 |
|
| 712 | 0 | 2 |
_4570 _aБратский государственный технический университет _3RU\NLR\AUTH\8810031586 _9561786 |
| 801 | 0 |
_aRU _bRKP _c20020923 _gPSBO |
|
| 801 | 1 |
_aRU _bRKP _c20020923 |
|
| 801 | 2 |
_aRU _bNLR _c20030110 _grcr |
|
| 942 | _cBOOK | ||
| 980 | _aNB | ||
| 980 | _aNBR | ||